La dimensión del hombre: ensayo psicológico sobre el arte
Ensayo sobre aquellas actividades de creación artística a partir de sus dos aristas principales: la estética y la psicológica. A su vez, la primera se subdivide en en dos direcciones de análisis fundamentales: la dirección biológica que corresponde a los categorías vitales, los instintos e impulsos;...
محفوظ في:
| المؤلف الرئيسي: | |
|---|---|
| التنسيق: | كتاب |
| اللغة: | Undetermined |
| منشور في: |
Buenos Aires, Argentina
Paydós
1961
|
| الموضوعات: | |
| الوسوم: |
إضافة وسم
لا توجد وسوم, كن أول من يضع وسما على هذه التسجيلة!
|
MARC
| LEADER | 00000nam a2200000Ia 4500 | ||
|---|---|---|---|
| 008 | 170316s9999 xx 000 0 und d | ||
| 040 | |a cru BVZT | ||
| 090 | |a 100 C-2d | ||
| 100 | |a Calderaro, José D. |9 1981 | ||
| 245 | |a La dimensión del hombre: ensayo psicológico sobre el arte |c / José D. Calderaro | ||
| 260 | |a Buenos Aires, Argentina |b Paydós |c 1961 | ||
| 300 | |a 254 p. | ||
| 520 | |a Ensayo sobre aquellas actividades de creación artística a partir de sus dos aristas principales: la estética y la psicológica. A su vez, la primera se subdivide en en dos direcciones de análisis fundamentales: la dirección biológica que corresponde a los categorías vitales, los instintos e impulsos; y la dirección cultural referente a los valores espirituales, los productos sociales, el arte, la religión, la política, la economía, etc. La segunda arista investiga las auténticas bases psicológicas de las creaciones artísticas a partir de los clásicos marcos conceptuales de Freud y Adler. | ||
| 650 | |a FILOSOFÍA |9 5 | ||
| 999 | |c 15901 |d 15901 | ||
| 942 | |c 15 D |h 100 C-2d |2 z | ||
